000 00803nas a2200265 4500
001 BR2010003110
003 BR-BrBNA
005 20231205114101.0
007 ta
008 230509b bl.|||p| |||| 00| 00por d
040 _aBR-BrBNA
_bpor
_cBiblioteca Nacional de Agricultura
041 _a(En)
072 _aF50
100 1 _aMaroso, R.P.
100 1 _aCarneiro, C.M.
100 1 _aScheffer-Basso, S.M.
100 1 _aFavero, D.
245 1 _aMorphological and anatomical aspects of birdsfoot trefoil and big trefoil
650 _aMORFOLOGIA VEGETAL
650 _aRIZOMA
650 _aCORNICHÃO
773 0 _tRevista Brasileira de Zootecnia (Brazil)
_xISSN 1516-3598
_g(Sep 2009), v. 38(9) p. 1663-1667
_wBR2010003110
909 _a202311
_bLúcia
_c55
_dLúcia Elande
942 _2AGRIS
_n0
_cANA
999 _c207007
_d207007